[Event "Pardubice Czech op-D 28th"]
[Site "Pardubice"]
[Date "2017.07.29"]
[Round "9"]
[White "Lomakina, Anzhelika"]
[Black "Maguire, Kristof"]
[Result "1/2-1/2"]
[WhiteElo "1505"]
[BlackElo "1317"]
[PlyCount "74"]
[EventDate "2017.07.22"]
[EventType "swiss"]
[EventRounds "9"]
[EventCountry "CZE"]
[SourceTitle "CBM 179 Extra"]
[Source "ChessBase"]
[SourceDate "2017.08.23"]
[SourceVersion "1"]
[SourceVersionDate "2017.08.23"]
[SourceQuality "1"]

1. e4 e5 2. Nf3 Nc6 3. d4 exd4 4. Bc4 Nf6 5. 0-0 Nxe4 6. Re1 d5 7. Bxd5 Qxd5 8. Nc3 Qa5 9. Nxe4 Be6 10. Bd2 Bb4 11. Nxd4 Nxd4 12. c3 Nc6 13. cxb4 Qf5 14. Ng3 Qd5 15. Bc3 Qxd1 16. Raxd1 0-0 17. f3 Rfd8 18. b3 a6 19. Nh5 f6 20. Rxd8+ Nxd8 21. Rd1 Kf7 22. g4 Nc6 23. g5 fxg5 24. Nxg7 Rd8 25. Rxd8 Nxd8 26. Nh5 Nc6 27. Ng3 Kg6 28. Ne4 b6 29. Kf2 Kf5 30. Ke3 h6 31. Ng3+ Kg6 32. Ke4 g4 33. f4 Ne7 34. Ke5 Bf5 35. Kd4 Be6 36. Ke3 Nf5+ 37. Nxf5 Kxf5 1/2-1/2

[Event "Pardubice Czech op-D 28th"]
[Site "Pardubice"]
[Date "2017.07.26"]
[Round "6"]
[White "Gryga, Daryna"]
[Black "Lomakina, Anzhelika"]
[Result "1-0"]
[WhiteElo "1445"]
[BlackElo "1505"]
[PlyCount "119"]
[EventDate "2017.07.22"]
[EventType "swiss"]
[EventRounds "9"]
[EventCountry "CZE"]
[SourceTitle "CBM 179 Extra"]
[Source "ChessBase"]
[SourceDate "2017.08.23"]
[SourceVersion "1"]
[SourceVersionDate "2017.08.23"]
[SourceQuality "1"]

1. e4 e5 2. Nf3 Nc6 3. Bb5 Nf6 4. 0-0 Nxe4 5. d4 Nd6 6. dxe5 Nxb5 7. a4 Nd6 8. Bg5 f6 9. exd6 Bxd6 10. Re1+ Ne7 11. Be3 0-0 12. Nc3 Bb4 13. Qd3 d5 14. Bd2 Bf5 15. Qb5 a5 16. Nd4 Bc8 17. Qe2 Ra6 18. Rad1 c5 19. Ncb5 Ng6 20. Nf3 Bg4 21. c3 Ne5 22. Bf4 Nxf3+ 23. gxf3 Re6 24. Qf1 Rxe1 25. Rxe1 Bxf3 26. Re3 Be4 27. Rg3 d4 28. cxb4 d3 29. bxc5 Qd5 30. Nc3 Qf5 31. Bd2 Rd8 32. Qh3 Qe5 33. Re3 Qg5+ 34. Qg3 Qxg3+ 35. hxg3 Bc6 36. b3 Be8 37. Na2 Bg6 38. Nc1 Rc8 39. Be1 Rd8 40. Bd2 Rc8 41. Re1 Rxc5 42. Kg2 Kf7 43. Kf3 Rd5 44. Na2 h5 45. Nc3 Rd6 46. Ke3 Bh7 47. Nb5 Rd7 48. Bxa5 d2 49. Rd1 Bc2 50. Rxd2 Re7+ 51. Kd4 Bxb3 52. Bb4 Rd7+ 53. Nd6+ Kg8 54. a5 Rc7 55. Bc5 g5 56. Rb2 Ba4 57. Rxb7 Rc6 58. Rb6 Rc7 59. a6 Bc6 60. a7 1-0

[Event "Pardubice Czech op-D 28th"]
[Site "Pardubice"]
[Date "2017.07.24"]
[Round "4"]
[White "Macek, Ondrej"]
[Black "Lomakina, Anzhelika"]
[Result "0-1"]
[WhiteElo "1394"]
[BlackElo "1505"]
[PlyCount "50"]
[EventDate "2017.07.22"]
[EventType "swiss"]
[EventRounds "9"]
[EventCountry "CZE"]
[SourceTitle "CBM 179 Extra"]
[Source "ChessBase"]
[SourceDate "2017.08.23"]
[SourceVersion "1"]
[SourceVersionDate "2017.08.23"]
[SourceQuality "1"]

1. c4 e5 2. g3 Nf6 3. Bg2 d5 4. cxd5 Nxd5 5. Nc3 Nb6 6. Nf3 Nc6 7. 0-0 Be7 8. d3 0-0 9. Be3 Bg4 10. h3 Bh5 11. g4 Bg6 12. Rc1 f5 13. Na4 e4 14. Ne1 fxg4 15. hxg4 exd3 16. Nxd3 Qd7 17. Nxb6 axb6 18. Bxc6 bxc6 19. f3 Rxa2 20. Ne5 Qe6 21. Nc4 b5 22. Qb3 bxc4 23. Qxa2 Qxe3+ 24. Kh1 Bd6 25. Qxc4+ Bf7 0-1